| 000 | 00474nam a2200169Ia 4500 | ||
|---|---|---|---|
| 008 | 260407s2026 xx 000 0 und d | ||
| 041 | _aeng | ||
| 082 |
_a615.321/GOK _b11419 |
||
| 100 | _aDR.S.B.GHOKHALE | ||
| 245 | _aA PRACTICAL OF PHARMACOGONOSY AND PHYTOCHEMISTRY | ||
| 250 | _a4TH | ||
| 260 |
_aPUNE _bNIRALI PRAKASHAN _c2026 |
||
| 300 | _a10.2p | ||
| 650 | _aPHARMACOGONOSY | ||
| 650 | _aPRACTICAL PHARMACOGONOSY AND PHYTOCHEMISTRY | ||
| 700 | _aDr.M.G.KALASKAR | ||
| 999 |
_c1218911 _d1218911 |
||